| 000 | 00474nam a2200157Ia 4500 | ||
|---|---|---|---|
| 008 | 210423s2011 xx 000 0 und d | ||
| 020 | _a9788173710339 | ||
| 041 | _aeng | ||
| 082 | _a530 VENG | ||
| 100 | _aVENKATARAMAN (G). | ||
| 245 | _aVignettes in physics: why are things the way they are. | ||
| 260 |
_aNew Delhi _bUniversities Press _c2011 |
||
| 300 |
_aviii,112 _bPB |
||
| 365 |
_b195 _cINR |
||
| 906 | _aare ; are. ; physics: ; they ; things ; Vignettes ; way ; why | ||
| 999 |
_c162382 _d162382 |
||